Dork diaries book 2: tales from a not-so popular party girl (Record no. 9181)

MARC details
000 -LEADER
fixed length control field 01057nam a22002177a 4500
003 - CONTROL NUMBER IDENTIFIER
control field OSt
005 - DATE AND TIME OF LATEST TRANSACTION
control field 20260317004647.0
008 - FIXED-LENGTH DATA ELEMENTS--GENERAL INFORMATION
fixed length control field 260317b |||||||| |||| 00| 0 eng d
020 ## - INTERNATIONAL STANDARD BOOK NUMBER
International Standard Book Number 978-1-4169-8008-7
040 ## - CATALOGING SOURCE
Original cataloging agency DWCL GS lib
Transcribing agency OC
082 ## - DEWEY DECIMAL CLASSIFICATION NUMBER
Classification number R961d 2010
100 ## - MAIN ENTRY--PERSONAL NAME
Personal name RUSELL, RACHEL RENEE
245 ## - TITLE STATEMENT
Title Dork diaries book 2: tales from a not-so popular party girl
Statement of responsibility, etc. RACHEL RENEE RUSELL
260 ## - PUBLICATION, DISTRIBUTION, ETC.
Place of publication, distribution, etc. New York
Name of publisher, distributor, etc. Aladdin
Date of publication, distribution, etc. 2010
300 ## - PHYSICAL DESCRIPTION
Extent 279 + p
Dimensions 21 cm
520 ## - SUMMARY, ETC.
Summary, etc. Nikki Maxwell deals with middle school drama, her crush Brandon, and nemesis MacKenzie Hollister. Believing Brandon is taking MacKenzie to the Halloween dance, Nikki commits to managing her sister's ballet party, only to juggle both events when she discovers MacKenzie lied.
650 ## - SUBJECT ADDED ENTRY--TOPICAL TERM
Topical term or geographic name entry element Nikki Maxwell navigates the trauma of middle school, her crush on Brandon, and a nemesis in mean girl MacKenzie Hollister.
650 ## - SUBJECT ADDED ENTRY--TOPICAL TERM
Topical term or geographic name entry element focuses on honesty, the importance of true friendship, and finding the courage to be oneself.
700 ## - ADDED ENTRY--PERSONAL NAME
Personal name RACHEL RENEE RUSELL
942 ## - ADDED ENTRY ELEMENTS (KOHA)
Source of classification or shelving scheme Dewey Decimal Classification
Koha item type Fiction
Suppress in OPAC No

No items available.